| АИС "Историко-культурное наследие Беларуси" | ||
| Базовый | Расширенный | Профессиональный | Словарь персоналий | Тематический словарь | По видам объектов | История запросов Заказы | Регистрация | |
Запись в MARC-формате
| копировать MARC-запись |
=LDR 00000nx\\c2200217\\\45\\
=001 BY-NLB-ar5248321
=005 20160330095636.3
=100 \\$a20120620abely50\\\\\\ca0
=152 \\$apsbo
=160 \\$ae-bw
=215 \\$aКасцёл Святога Іаана Хрысціцеля (Крэва, аграгарадок; Смаргонскі раён)
=300 1\$aПершапачаткова пабудаваны ў 1387 г. У 1636 г. – перабудаваны. У 1868 г. перароблены ў праваслаўную царкву Святой Троіцы. У 1906 г. парафія адноўлена. Помнік архітэктуры барока.
=356 \\$aЗнаходзіцца ў цэнтры аг. Крэва Смаргонскага раёна Гродзенскай вобласці.
=415 \\$5a$aЦарква Святой Троіцы
=415 \\$aКасцёл Святога Яна Хрысціцеля (Крэва, аграгарадок; Смаргонскі раён)
=515 \\$5w$3BY-NLB-ar5248332$aКостел Святого Иоанна Крестителя (Крево, агрогородок; Сморгонский район)
=801 \0$aBY$bBY-HM0000$c20120620
=810 \\$aКаталіцкія храмы на Беларусі : энцыклапедычны даведнік / А. М. Кулагін. — Мінск, 2000.
=810 \\$aЯк птушка фенікс / Аляксандр Камінскі // Куфэрак Віленшчыны. ― 2005. ― № 1. ― С. 74―77.
=810 \\$aКрево // Туристская энциклопедия Беларуси. — Минск, 2007. — С. 266.
=999 \\$f2786 NLB-NDARD$t20120620
Чтобы вернуться назад, щелкните кнопку BACK на Вашем браузере